000 00716 a2200229 4500
260 _aNew-York
100 _aHARBORNE, J.B.
700 _aVAN SUMERE
260 _bAcademic press
245 _aThe chemistry and biochemistry of plant proteins : proceedings of the phytochemical society symposium unisersity of ghent, Belgium september, 1973
300 _aXIII, 326 p.
650 _a<Protéines végétales>
260 _c1975
300 _bill., graph. ; 23 cm
130 _lAn.
035 _a5092
440 _a(Annual proceedings of the phytochimical society ; 11)
500 _aBibliographie à la fin des chapitres. - Comprend index
999 _c11040
_d11040